TONSORISOVA SANA CONSILIA MEDICA

Podrobná bibliografia
Hlavný autor: Junas, Ján, 1925-2002 (Autor)
Médium: Článok
Jazyk:slovenčina

MARC

LEADER 00000nab a2200000uu 4500
001 vtls011489903
003 SK-MaSNL
005 20260303105113.0
008 230121|1972 xo |||||||||||||||||slo|
015 |a SNBRB 
035 |a (urnnbn)urn:nbn:sk:snk:ar-007jhv 
035 |a (uuid)b42283e9-8cf5-4fb3-8a50-82c6634cff94 
035 |a urn:nbn:sk:snk-abdf8h 
040 |a SNKBUCL  |b slo  |c SNKBUCL  |e AACR2 
041 0 |a slo 
044 |a xo  |c SK 
100 1 |a Junas, Ján,  |d 1925-2002  |4 aut  |9 13563 
245 1 0 |a TONSORISOVA SANA CONSILIA MEDICA  |c J. Junas 
773 0 |t Lekársky obzor : odborný časopis Slovenskej zdravotníckej univerzity v Bratislave  |g Roč. 21, č. 6 (1972), s. 325-329 
954 |a odborná, vedecká literatúra pôvodná (slovenská)  |2 lita 
958 |a OND 
958 |a EUIPO 
958 |a article18 
999 |c 1861085  |d 1863015